000 00286nam a2200085Ia 4500
245 0 _aOne woman walking : love, loss and liberation : a journey through divorce
100 _a BOSCH, Andree [Bellevue, South Africa
_977313
942 _cBK
008 210817s9999 xx 000 0 und d
999 _c263626
_d263625